Aviation/Aircraft Acronyms - Statistics

General Stats
  • This quiz has been taken 683 times
  • The average score is 9 of 34
Answer Stats
Hint Answer % Correct
ATC Air Traffic Control
97%
APU Auxiliary Power Unit
72%
ILS Instrument Landing System
63%
VFR Visual Flight Rules
63%
IFR Instrument Flight Rules
60%
GA General Aviation
45%
HUD Heads-Up Display
42%
IAS Indicated Air Speed
42%
AGL Above Ground Level
39%
CFI Certified Flight Instructor
39%
TAS True Air Speed
38%
VHF Very High Frequency
34%
MSL Mean Sea Level
33%
VNAV Vertical Navigation
33%
LNAV Lateral Navigation
28%
UHF Ultrahigh Frequency
28%
OAT Outside Air Temperature
25%
ICAO International Civil Aviation Organization
24%
DME Distance Measuring Equipment
21%
NAVAID Navigational Aid
14%
PAPI Precision Approach Path Indicator
14%
NASA National Aeronautics and Space Administration
13%
SAR Search and Rescue
12%
SAM Surface to air missile/system area monitor
12%
ATIS Automated Terminal Information Service
11%
VOR VHF Omnidirectional Range
10%
RNAV Area Navigation
7%
CDI Course Deviation Indicator
7%
TACAN Tactical Air Navigation
3%
VASI Visual Approach Slope Indicator
3%
ADI Attitude Direction Indicator
2%
MTR Military Training Route
1%
BFM Basic Fighter Maneuvers
0%
SAS Stability Augmentation System
0%
No matching quizzes found
Score Distribution
Percent of People with Each Score
Percentile by Number Answered
Your Score History
You have not taken this quiz